| 000 | 00684nam a2200133Ia 4500 | ||
|---|---|---|---|
| 008 | 171212s9999 xx 000 0 und d | ||
| 100 | _aBérubé, Michael | ||
| 245 |
_cBérubé, Michael _aEmployment of English _bTheory, Jobs, and the Future of Literary Studies |
||
| 260 |
_bNew York University Press _c1998 |
||
| 440 | _aCultural Front | ||
| 650 | _aAstronomy | ||
| 650 | _aEnglish philology -- Study and teaching (Higher) -- Political aspects -- United States; English literature -- History and criticism -- Theory, etc.; English language -- Political aspects -- United States; English teachers -- Employment -- United States; I | ||
| 856 | _uhttp://www.jstor.org/stable/j.ctt9qgg1j | ||
| 999 |
_c351531 _d351531 |
||